000 00716nam a2200253 i 4500
001 bg
100 1 _aSchroeder, Jerzy.
245 1 0 _aBadania marketingowe rynków zagranicznych /
_cJerzy Schroeder ; Akademia Ekonomiczna w Poznaniu.
250 _aWyd. 2.
260 _aPoznań :
_bWydawnictwo AE,
_c1997.
300 _a167 s. ;
_c24 cm.
504 _aBibliogr. przy rozdz.
650 9 _aHandel zagraniczny
_xmetody
650 9 _aMarketing
_xmetody
650 9 _aRynek
_xbadanie
710 0 _aAkademia Ekonomiczna (Poznań)
020 _a8387152102
040 _cBPK
041 0 _apol
080 _a339.5:339.138
920 _a83-87152-10-2
942 _cKS
008 s pl f |000 0 pol
999 _c36250
_d36250
856 _uhttp://koha.tu.koszalin.pl/cgi-bin/koha/opac-detail.pl?biblionumber=36250
_yKatalog online BPK